[Event "Scarborough op"]
[Site "Scarborough"]
[Date "2023.10.29"]
[Round "4"]
[White "Brencher, Paul"]
[Black "Mkpadi, Michael"]
[Result "1/2-1/2"]
[WhiteElo "1870"]
[BlackElo "1456"]
[PlyCount "124"]
[EventDate "2023.10.27"]
[EventType "swiss"]
[EventRounds "5"]
[EventCountry "ENG"]
[SourceTitle "CBM 217 Extra"]
[Source "ChessBase"]
[SourceDate "2024.01.31"]
[SourceVersion "1"]
[SourceVersionDate "2024.01.31"]
[SourceQuality "1"]

1. d4 Nf6 2. Nc3 d5 3. Bf4 c5 4. e4 cxd4 5. Bb5+ Bd7 6. Qxd4 Nc6 7. Bxc6 Bxc6 8. e5 Ng8 9. e6 fxe6 10. Nf3 Qb6 11. Qxb6 axb6 12. 0-0 h6 13. Rfe1 g5 14. Be5 Rh7 15. Nd4 Kf7 16. a4 Nf6 17. Bc7 Bg7 18. Nxe6 Ne4 19. Nxg7 Rxg7 20. Nb5 Bxb5 21. axb5 Rc8 22. Be5 Rg6 23. c3 Rc5 24. f3 Nd6 25. Ra7 Nxb5 26. Rxb7 Re6 27. Kf2 Rcc6 28. Rd7 Nd6 29. Bxd6 Rcxd6 30. Rxe6 Kxe6 31. Rb7 Kf6 32. Ke3 e5 33. Rb8 Kf7 34. g3 d4+ 35. cxd4 exd4+ 36. Kd3 Rf6 37. Kxd4 Rxf3 38. Rxb6 h5 39. Ke4 Rf2 40. h3 Rh2 41. g4 Rxh3 42. gxh5 Rxh5 43. Kf5 Ke7 44. Kg4 Rh2 45. Kxg5 Kd7 46. Kf4 Kc7 47. Rb3 Rd2 48. Ke3 Rd6 49. Rd3 Rb6 50. b3 Kc6 51. Kd4 Kb5 52. Kc3 Rc6+ 53. Kb2 Rh6 54. Rg3 Kb4 55. Rg4+ Kb5 56. Rg5+ Kb4 57. Rg4+ Kb5 58. Ka3 Ra6+ 59. Kb2 Rh6 60. Rg2 Kb4 61. Rg4+ Kb5 62. Rg5+ Kb4 1/2-1/2

[Event "Scarborough op"]
[Site "Scarborough"]
[Date "2023.10.28"]
[Round "2"]
[White "Mkpadi, Michael"]
[Black "Blackford, Ross"]
[Result "0-1"]
[WhiteElo "1456"]
[BlackElo "1779"]
[PlyCount "68"]
[EventDate "2023.10.27"]
[EventType "swiss"]
[EventRounds "5"]
[EventCountry "ENG"]
[SourceTitle "CBM 217 Extra"]
[Source "ChessBase"]
[SourceDate "2024.01.31"]
[SourceVersion "1"]
[SourceVersionDate "2024.01.31"]
[SourceQuality "1"]

1. Nc3 d5 2. d4 Nf6 3. e4 dxe4 4. f3 exf3 5. Nxf3 Bf5 6. Bc4 c6 7. 0-0 e6 8. Bg5 Be7 9. Qe2 0-0 10. Rad1 Nbd7 11. Ne5 Nxe5 12. Qxe5 Ng4 13. Bxe7 Nxe5 14. Bxd8 Nxc4 15. Bg5 Bxc2 16. Rc1 Bg6 17. Na4 b5 18. b3 bxa4 19. bxc4 f6 20. Bd2 Rfd8 21. Bc3 Rd7 22. Rfe1 Kf7 23. Ba1 Rb8 24. c5 Rb4 25. Bc3 Rb5 26. Ba1 Rdb7 27. Kf2 a3 28. Re3 Rb2+ 29. Re2 Rxe2+ 30. Kxe2 Rb2+ 31. Kf3 Rxa2 32. Bc3 Rb2 33. Ra1 Rb3 34. Rc1 a2 0-1

[Event "Birmingham op"]
[Site "Birmingham"]
[Date "2022.11.19"]
[Round "2"]
[White "Ali, Golam Shabbir"]
[Black "Mkpadi, Michael"]
[Result "1-0"]
[WhiteElo "1936"]
[BlackElo "1694"]
[PlyCount "55"]
[EventDate "2022.11.19"]
[EventType "swiss"]
[EventRounds "5"]
[EventCountry "ENG"]
[SourceTitle "CBM 211 Extra"]
[Source "ChessBase"]
[SourceDate "2023.01.31"]
[SourceVersion "1"]
[SourceVersionDate "2023.01.31"]
[SourceQuality "1"]

1. d4 d5 2. c4 Nc6 3. Nc3 e6 4. Nf3 Bb4 5. Bg5 f6 6. Bh4 Nge7 7. e3 0-0 8. Rc1 Nf5 9. Bg3 e5 10. cxd5 Qxd5 11. Nd2 Qa5 12. d5 Nce7 13. Bc4 Nd6 14. Bb3 Kh8 15. e4 f5 16. Bxe5 fxe4 17. 0-0 Bf5 18. Qh5 Bg6 19. Qg5 Nef5 20. Ndxe4 Nxe4 21. Nxe4 Rae8 22. Bxc7 b6 23. Nc3 Nd6 24. a3 Bc5 25. Ba4 Rc8 26. b4 Bxb4 27. axb4 Qxb4 28. Qe7 1-0

[Event "Birmingham op"]
[Site "Birmingham"]
[Date "2022.11.19"]
[Round "1"]
[White "Mkpadi, Michael"]
[Black "Pal, Rohan"]
[Result "0-1"]
[WhiteElo "1694"]
[BlackElo "2035"]
[PlyCount "70"]
[EventDate "2022.11.19"]
[EventType "swiss"]
[EventRounds "5"]
[EventCountry "ENG"]
[SourceTitle "CBM 211 Extra"]
[Source "ChessBase"]
[SourceDate "2023.01.31"]
[SourceVersion "1"]
[SourceVersionDate "2023.01.31"]
[SourceQuality "1"]

1. d4 Nf6 2. c4 e6 3. g3 d5 4. Bg2 Be7 5. Nc3 0-0 6. Qb3 c6 7. Nf3 b6 8. 0-0 Bb7 9. Ne5 Nbd7 10. Rd1 Nxe5 11. dxe5 Ng4 12. Bf4 Bc5 13. Ne4 Qe7 14. Nxc5 Qxc5 15. Qf3 f5 16. h3 Nh6 17. Bxh6 gxh6 18. Qh5 Qxc4 19. Qxh6 Rae8 20. e3 Qb4 21. Rd4 Qxb2 22. Rad1 Re7 23. R1d2 Qc3 24. R2d3 Qa1+ 25. Kh2 Qxa2 26. Rh4 Qxf2 27. Rdd4 Rg7 28. g4 c5 29. Rf4 Qxe3 30. g5 Qxe5 31. g6 hxg6 32. Qg5 Qf6 33. Qxf6 Rxf6 34. Ra4 Bc6 35. Ra6 g5 0-1

[Event "IECG QB.2002.0.00015"]
[Site "IECG email"]
[Date "2002.02.21"]
[Round "?"]
[White "Mkpadi, Michael"]
[Black "Seiler, Peter"]
[Result "0-1"]
[WhiteElo "1960"]
[BlackElo "1990"]
[PlyCount "78"]
[EventDate "2002.02.21"]
[EventType "tourn (corr)"]
[EventRounds "6"]
[SourceTitle "Corr 2008"]
[Source "ChessBase"]
[SourceDate "2008.06.24"]
[SourceVersion "1"]
[SourceVersionDate "2008.06.24"]
[SourceQuality "1"]

1. d4 d5 2. c4 e6 3. Nc3 Nf6 4. Bg5 Nbd7 5. e4 dxe4 6. Nxe4 h6 7. Nxf6+ Nxf6 8. Be3 Bb4+ 9. Bd2 Bxd2+ 10. Qxd2 e5 11. Nf3 exd4 12. Qxd4 Qxd4 13. Nxd4 Bd7 14. 0-0-0 0-0-0 15. Be2 c5 16. Nf3 Rhe8 17. Rhe1 Ng4 18. Rd5 b6 19. h4 f6 20. Bd1 Rxe1 21. Nxe1 Nxf2 22. Bf3 Bg4 23. Kd2 Bxf3 24. Rxd8+ Kxd8 25. Nxf3 Ke7 26. a3 Ke6 27. b4 g5 28. Ke3 Ng4+ 29. Ke2 Ne5 30. hxg5 Nxf3 31. Kxf3 fxg5 32. g4 cxb4 33. axb4 a5 34. Ke4 axb4 35. Kd3 Kf6 36. Kc2 h5 37. gxh5 g4 38. Kb3 g3 39. Kxb4 g2 0-1

[Event "IECG QB.2002.0.00015"]
[Site "IECG email"]
[Date "2002.02.21"]
[Round "?"]
[White "Pleschke, Helmut"]
[Black "Mkpadi, Michael"]
[Result "1-0"]
[WhiteElo "1863"]
[BlackElo "1960"]
[PlyCount "61"]
[EventDate "2002.02.21"]
[EventType "tourn (corr)"]
[EventRounds "6"]
[SourceTitle "Corr 2008"]
[Source "ChessBase"]
[SourceDate "2008.06.24"]
[SourceVersion "1"]
[SourceVersionDate "2008.06.24"]
[SourceQuality "1"]

1. Nf3 d5 2. c4 Nf6 3. e3 e6 4. d4 c5 5. cxd5 exd5 6. Bb5+ Bd7 7. Bxd7+ Nbxd7 8. 0-0 c4 9. b3 b5 10. a4 a6 11. Ne5 Nxe5 12. dxe5 Ne4 13. Nd2 Nc3 14. Qf3 bxa4 15. bxc4 dxc4 16. Qc6+ Qd7 17. Qxa8+ Qd8 18. Qxa6 Be7 19. Qxc4 Nd5 20. Ne4 0-0 21. Nd6 Nb6 22. Qg4 g6 23. Ba3 h5 24. Qd4 Nd7 25. Rfc1 h4 26. Nxf7 Kxf7 27. e6+ Kxe6 28. Qc4+ Kf6 29. Qxh4+ Kf7 30. Bxe7 Qxe7 31. Qh7+ 1-0